000 00830nas a2200241 i 4500
001 173145
003 ES-MaACL
005 20250809043830.0
008 091110d1894195?sp | | ||pa d
022 _a9951-4834
080 _a336.226.22(460)(083.41)
245 0 0 _aEstadística administrativa del impuesto de derechos reales y transmisión de bienes.
260 _aMadrid :
_bDirección General de Contribuciones e Impuestos,
_c1894-[195?]
300 _a11 v.
310 _aAnual
362 0 _a1890/1891-[195?]
650 7 _aImpuesto de derechos reales-
_zEspaña-
_vEstadísticas
_2
_9139424
710 1 _aEspaña.
_bDirección General de Contribuciones e Impuestos.
_9139425
852 _aES-MaACL
_jT-770-F-5 (1890-91)
852 _aES-MaACL
_jC-11161-70
866 0 _o1890-91, 1919-32.
999 _c173145
_d173145